Score 0/20 Timer 05:00
0 Plays Today
Population City % Correct
390,007Omaha
98.2%
225,581Lincoln
98.2%
42,940Grand Island
74.6%
23,878North Platte
65.7%
27,431Kearney
63.9%
44,382Bellevue
62.7%
14,732Scottsbluff
53.3%
23,516Norfolk
50.3%
25,174Fremont
49.7%
24,064Hastings
49.7%
Population City % Correct
12,496Beatrice
42.6%
20,971Columbus
42%
16,363Papillion
42%
11,925South Sioux City
39.1%
8,081York
36.7%
10,011Lexington
36.1%
11,699La Vista
34.9%
8,959Alliance
33.7%
7,994McCook
33.1%
10,736Chalco
20.7%

You're not logged in!

Compare scores with friends on all Sporcle quizzes.
OR
Log In

Sporcle TV

Today on Sporcle TV


Watch our educational content, quiz creation guides, and fun videos on Sporcle TV.

Show Comments

Extras

Top Quizzes Today


Score Distribution

Paid Content

Your Account Isn't Verified!

In order to create a playlist on Sporcle, you need to verify the email address you used during registration. Go to your Sporcle Settings to finish the process.

Report this User

Report this user for behavior that violates our Community Guidelines.

Details: